<?xml version="1.0" encoding="UTF-8"?>
<record
    xmlns:xsi="http://www.w3.org/2001/XMLSchema-instance"
    xsi:schemaLocation="http://www.loc.gov/MARC21/slim http://www.loc.gov/standards/marcxml/schema/MARC21slim.xsd"
    xmlns="http://www.loc.gov/MARC21/slim">

  <leader>01116nam a2200217   4500</leader>
  <controlfield tag="003">LK-CoMWRAF</controlfield>
  <controlfield tag="005">20231220112903.0</controlfield>
  <controlfield tag="008">231220b        |||||||| |||| 00| 0 eng d</controlfield>
  <datafield tag="020" ind1=" " ind2=" ">
    <subfield code="a">9789551770341</subfield>
  </datafield>
  <datafield tag="040" ind1=" " ind2=" ">
    <subfield code="a">LK-CoMWRAF</subfield>
    <subfield code="d">LK-CoMWRAF</subfield>
    <subfield code="e">LK-CoMWRAF</subfield>
  </datafield>
  <datafield tag="041" ind1=" " ind2=" ">
    <subfield code="a">sin</subfield>
  </datafield>
  <datafield tag="082" ind1=" " ind2=" ">
    <subfield code="a">004.678</subfield>
    <subfield code="b">DIV</subfield>
  </datafield>
  <datafield tag="245" ind1=" " ind2=" ">
    <subfield code="a">&#xDAF;&#xDCA;&#xDC0;&#xDD2;&#xDB8;&#xDBA; &#xD9A;&#xDDA;&#xDAD;&#xDBA; &#xD9A;&#xDA9;&#xDCF;&#xDB6;&#xDD2;&#xDB3; &#xDAF;&#xDD0;&#xDB8;&#xDD3;&#xDB8; : </subfield>
    <subfield code="b">LGBT &#xDC1;&#xDCA;&#x200D;&#xDBB;&#xDD3; &#xDBD;&#xDCF;&#xD82;&#xD9A;&#xDD2;&#xD9A;&#xDBA;&#xDD2;&#xDB1;&#xDCA;&#xD9C;&#xDDA; &#xD85;&#xDB1;&#xDCA;&#xDAD;&#xDBB;&#xDCA; &#xDA2;&#xDCF;&#xDBD; &#xD85;&#xDAD;&#xDCA;&#xDAF;&#xDD0;&#xD9A;&#xDD3;&#xDB8;&#xDCA;</subfield>
  </datafield>
  <datafield tag="246" ind1=" " ind2=" ">
    <subfield code="a">Divimaya kethaya kadabinda demima : LGBT sri lankikayange antharjala athdakim</subfield>
  </datafield>
  <datafield tag="260" ind1=" " ind2=" ">
    <subfield code="a">&#xD9A;&#xDDC;&#xDC5;&#xDB9; : </subfield>
    <subfield code="b">&#xD9A;&#xDCF;&#xDB1;&#xDCA;&#xDAD;&#xDCF;&#xDC0; &#xDC3;&#xDC4; &#xDB8;&#xDCF;&#xDB0;&#xDCA;&#x200D;&#xDBA; &#xDC3;&#xDCF;&#xDB8;&#xDD6;&#xDC4;&#xDD2;&#xD9A;&#xDBA;, </subfield>
    <subfield code="c">2017</subfield>
  </datafield>
  <datafield tag="300" ind1=" " ind2=" ">
    <subfield code="a">&#xDB4;&#xDD2;. 164 ; &#xDC3;&#xDD9;&#xDB8;&#xDD3;. 21</subfield>
  </datafield>
  <datafield tag="650" ind1=" " ind2=" ">
    <subfield code="a">&#xDBD;&#xDD2;&#xD82;&#xD9C;&#xDD2;&#xD9A;&#xDAD;&#xDCA;&#xDC0;&#xDBA;-&#xDC1;&#xDCA;&#x200D;&#xDBB;&#xDD3; &#xDBD;&#xD82;&#xD9A;&#xDCF;&#xDC0;  </subfield>
  </datafield>
  <datafield tag="650" ind1=" " ind2=" ">
    <subfield code="a">&#xDBD;&#xDD2;&#xD82;&#xD9C;&#xDD2;&#xD9A;&#xDAD;&#xDCA;&#xDC0;&#xDBA;-&#xDC3;&#xDD2;&#xDC0;&#xDD2;&#xDBD;&#xDCA; &#xD85;&#xDBA;&#xDD2;&#xDAD;&#xDD2;&#xDC0;&#xDCF;&#xDC3;&#xDD2;&#xD9A;&#xDB8;&#xDCA;- &#xDC1;&#xDCA;&#x200D;&#xDBB;&#xDD3; &#xDBD;&#xD82;&#xD9A;&#xDCF;&#xDC0;  </subfield>
  </datafield>
  <datafield tag="650" ind1=" " ind2=" ">
    <subfield code="a">&#xD85;&#xDB1;&#xDCA;&#xDAD;&#xDBB;&#xDCA;&#xDA2;&#xDCF;&#xDBD;&#xDBA; - &#xDC3;&#xDB8;&#xDCF;&#xDA2; &#xDAF;&#xDD8;&#xDC2;&#xDCA;&#xDA7;&#xDD2;&#xD9A;&#xDDD;&#xDAB;&#xDBA;&#xDB1;&#xDCA; - &#xDC1;&#xDCA;&#x200D;&#xDBB;&#xDD3; &#xDBD;&#xD82;&#xD9A;&#xDCF;&#xDC0;</subfield>
  </datafield>
  <datafield tag="942" ind1=" " ind2=" ">
    <subfield code="c">BK</subfield>
  </datafield>
  <datafield tag="952" ind1=" " ind2=" ">
    <subfield code="0">0</subfield>
    <subfield code="1">0</subfield>
    <subfield code="4">0</subfield>
    <subfield code="7">0</subfield>
    <subfield code="a">MAIN</subfield>
    <subfield code="b">MAIN</subfield>
    <subfield code="d">2023-12-20</subfield>
    <subfield code="l">0</subfield>
    <subfield code="o">004.678 DIV</subfield>
    <subfield code="p">RAF1876</subfield>
    <subfield code="r">2023-12-20</subfield>
    <subfield code="w">2023-12-20</subfield>
    <subfield code="y">BK</subfield>
  </datafield>
  <datafield tag="999" ind1=" " ind2=" ">
    <subfield code="c">4537</subfield>
    <subfield code="d">4537</subfield>
  </datafield>
</record>
